1285 1698 1600 1570 1119 1205 1186 1335 1421 1340 1005 1312 1208 1506 1587 1567 1309 1402 1979 1126 1110 1049 1326 1815 1686 1981 1666 1772 1927 1020 1351 1385 1852 1568 1761 1929 1025 1168 1363 1099 1137 1741 1373 1677 1791 1814 1286 1802 1987 1969 1064 1619 1876 1442 1769 1287 1621 1710 1541 1294 1085 1474 1306 1509 1646 1040 1375 1801 1446 1489 1784 1121 1805 1399 1218 1677 1801 1675 1427 1401 1661 1783 1101 1286 1826 1762 1551 1013 1715 1701 1105 1237 1529 1013 1094 1028 1857 1792 1395 BCNSPRNW ULIB Ver.6.0+V

เปลี่ยนเป็นภาษาไทย

Change to English
 แสดงรายละเอียดบรรณานุกรม
  กลับหน้าหลัก

Brief Record : Get Marc (ISO 2709) : E-mail record : QR code < ปิดหน้าต่าง
LEADER : 00000nam 2200000uu 4500
001    13399120662
003     ULIB
008    121002s2550||||th 000 0 tha d
020    ^a9789741105687
050 04 ^aBQ5630^bส266ก
100 0  ^aสมพร กันทรดุษฎี-เตรียมชัยศรี
245 10 ^aการปฏิบัติสมาธิเพื่อการเยียวยาสุขภาพ /^cสมพร กันทรดุษฎี-เตรียมชัยศรี
250    ^aพิมพ์ครั้งที่ 4
260    ^aกรุงเทพฯ :^bภาควิชาการพยาบาลสาธารณสุข คณะสาธารณสุขศาสตร์มหาวิทยาลัยมหิดล,^c2550
300    ^a78 หน้า :^bภาพประกอบ ;^c21 ซม.
440  0 ^aชุดตำราการดูแลสุขภาพทางเลือกและการเยียวยาผสมผสานทางการพยาบาลและการพยาบาลสาธารณสุข
536    ^aสนับสนุนโดย สำนักการแพทย์ทางเลือกกรมพัฒนาการแพทย์แผนไทยและการแพทย์ทางเลือก กระทรวงสาธารณสุข
650  7 ^aการแพทย์ทางเลือก
650  7 ^aสมาธิ^xแง่การแพทย์
710 2  ^aมหาวิทยาลัยมหิดล. ^bคณะสาธารณสุขศาสตร์.^bภาควิชาการพยาบาลสาธารณสุข
710 2  ^aกรมพัฒนาการแพทย์แผนไทยและการแพทย์ทางเลือก.^bสำนักการแพทย์ทางเลือก
945    ^p90^l0^i14481
995    ^aวิภา
999 ^a ใช้งานได้ทุกระบบ
รายการนี้ยังไม่มีแท็ก
คุณยังไม่ได้ล็อกอิน คุณสามารถมีกิจกรรมร่วมกับเว็บไซต์ได้ แต่ต้องล็อกอินก่อน ::
  ล็อกอิน

รายการสื่อสารสนเทศ

ลำดับที่ ประเภท เลขเรียก/บาร์โค้ด สถานที่ สถานะ
1. วิทยาศาสตร์การแพทย์ และสุขภาพ
วิทยาศาสตร์การแพทย์ และสุขภาพ
BQ5630 ส266ก  
  Barcode: 14481
ห้องสมุดวิทยาเขตสวรรค์ประชารักษ์
►หนังสือทั่วไป
บนชั้น

รายการใกล้เคียง
    ผู้แต่ง [สมพร กันทรดุษฎี-เตรียมชัยศรี]

    หัวเรื่อง [การแพทย์ทางเลือก]

BibComment


ยังไม่เคยถูกคอมเมนท์

คอมเมนท์ทรัพยากรรายการนี้
  คอมเมนท์: การปฏิบัติสมาธิเ..


 Copyright 2026. Bcnsprnw @Library